00927cam a2200265 a 450000100100000000500170001000800410002702000150006804000300008304100380011308200190015110000250017024000360019524500790023126000420031030000210035249000480037350400320042153400450045365000190049865000230051770000350054083000430057583000430061800000384820240305135508.0851009s1987 sp b 000 f spa  a8401499623 aDO-SdBNPcDLCdDLCdOCoLC17aspaheng2Código de idioma MARC a823.914bF667v1 aFollett, Ken,d1949-10aLie down with lions.lEspañol13aEl valle de los leones /cKen Follett; traductor, Montserrat Solanas Mata. aBarcelona :bPlaza & Janés ,c1987. a470 p. ;c18 cm.1 aJet biblioteca de Ken Follettvv. 98vno. 6 aBibliografía: p. 469-470. aTítulo original:tLie down with lions. 4aNovela inglesa 4aLiteratura inglesa1 aSolanas Mata, Montserrat.etr. 0aJet biblioteca de Ken Follett ;vv. 98 0aJet biblioteca de Ken Follett ;vno. 6